Výkaz peňažných tokov podľa IFRS pre malé a stredné podniky 1/11 všeobecné informácie a objasnenie definícií
Povinnosť zostavenia Výkazu peňažných tokov vyplýva z ustanovenia IFRS pre malé a stredné podniky 3.17 a pojednáva o jednotlivých súčastiach účtovnej závierky. Výkaz o peňažných tokoch poskytuje informácie o zmenách peňažných prostriedkov alebo peňažných ekvivalentov v účtovnej jednotke za účtovné o...
Enregistré dans:
| Auteur principal: | |
|---|---|
| Format: | Chapitre de livre |
| Langue: | slovaque |
| Sujets: | |
| Tags: |
Pas de tags, Soyez le premier à ajouter un tag!
|
MARC
| LEADER | 00000nla a2200000 4500 | ||
|---|---|---|---|
| 001 | 0167739 | ||
| 005 | 20240502072925.8 | ||
| 041 | 0 | |a slo | |
| 044 | |a SK | ||
| 245 | 1 | 0 | |a Výkaz peňažných tokov podľa IFRS pre malé a stredné podniky 1/11 |b všeobecné informácie a objasnenie definícií |c Michal Ješš |
| 520 | |a Povinnosť zostavenia Výkazu peňažných tokov vyplýva z ustanovenia IFRS pre malé a stredné podniky 3.17 a pojednáva o jednotlivých súčastiach účtovnej závierky. Výkaz o peňažných tokoch poskytuje informácie o zmenách peňažných prostriedkov alebo peňažných ekvivalentov v účtovnej jednotke za účtovné obdobie, pričom sú oddelene zobrazené zmeny vyplývajúce z prevádzkovej, investičnej a finančnej činnosti. | ||
| 610 | 2 | 0 | |a IFRS |
| 610 | 2 | 0 | |a podnik malý |
| 610 | 2 | 0 | |a podnik stredný |
| 610 | 2 | 0 | |a účtovníctvo |
| 610 | 2 | 0 | |a cash flow |
| 610 | 2 | 0 | |a výkazy účtovné |
| 100 | 1 | |a Ješš, Michal, 1986- | |